000 00607nam a22002297a 4500
003 OSt
005 20161130192855.0
008 161130b xxu||||| |||| 00| 0 eng d
020 _a058235692X
040 _cDDC
082 _a539 BRA 2003
100 _aBransden, B.H.; Joachain, C.J.
_911325
245 _aPhysics of Atoms and molecules
250 _a2nd ed.
260 _aEngland; Prentice Hall, 2003
300 _axiv,1114p;ill: 24cm
504 _aAppendices, references, & index included
650 _aAtoms
_911326
650 _aMolecules
_98508
650 _aPhysics
_9809
942 _2z
_cO_SHELF
999 _c5416
_d5416